La estructura de la economía americana (Record no. 91154)
[ view plain ]
| 000 -LEADER | |
|---|---|
| campo de control de longitud fija | 00662nam a2200169 i 4500 |
| 001 - NÚMERO DE CONTROL | |
| campo de control | 91154 |
| 003 - IDENTIFICADOR DE NÚMERO DE CONTROL | |
| campo de control | ES-MaACL |
| 005 - FECHA Y HORA DE LA ÚLTIMA TRANSACCIÓN | |
| campo de control | 20230906180645.0 |
| 007 - CAMPO FIJO DE DESCRIPCIÓN FÍSICA--INFORMACIÓN GENERAL | |
| campo de control de longitud fija | t| |
| 008 - DATOS DE LONGITUD FIJA--INFORMACIÓN GENERAL | |
| campo de control de longitud fija | 050127s1957 sp ||||1| spa d |
| 100 1# - ENTRADA PRINCIPAL--NOMBRE DE PERSONA | |
| Nombre de persona | Leontief, Wassily W. |
| 9 (RLIN) | 71698 |
| 245 13 - MENCIÓN DEL TÍTULO | |
| Título | La estructura de la economía americana |
| Resto del título | : 1919-1939 : una aplicación empírica del análisis del equilibrio / |
| Mención de responsabilidad, etc. | Wassily W. Leontief ; traducción y apéndice bibliográfico por Fabián Estapé. |
| 260 ## - PUBLICACIÓN, DISTRIBUCIÓN, ETC. | |
| Lugar de publicación, distribución, etc. | Barcelona : |
| Nombre del editor, distribuidor, etc. | José María Bosch, |
| Fecha de publicación, distribución, etc. | 1957 ( |
| Fabricante | Vda. de Daniel Cochs) |
| 300 ## - DESCRIPCIÓN FÍSICA | |
| Extensión | 287 p. ; |
| Dimensiones | 25 cm. |
| 700 1# - ENTRADA AGREGADA--NOMBRE PERSONAL | |
| Nombre de persona | Estapé, Fabián ( |
| Fechas asociadas al nombre | 1923-2012) |
| 9 (RLIN) | 48011 |
| 852 ## - LOCALIZACIÓN | |
| Ubicación | ES-MaACL |
| Número de control de estantería | C-14160 |
| Sublocalización o colección | R.41778 |
| Estatus retirado | Estado de pérdida | Estado de daño | No para préstamo | Biblioteca de origen | Biblioteca actual | Ubicación en estantería | Fecha de adquisición | Fuente de adquisición | Total de préstamos | Signatura topográfica completa | Código de barras | Visto por última vez | Precio de reemplazo | Tipo de ítem Koha |
|---|---|---|---|---|---|---|---|---|---|---|---|---|---|---|
| Biblioteca del Ateneo de Madrid | Biblioteca del Ateneo de Madrid | Sala Palomar | 17/01/2008 | C-14160 | 1095171 | 23/02/2023 | 23/02/2023 | Libro impreso |
